| 000 | 00000nam##2200000za#4500 |
| 001 | 9.646763 |
| 003 | CaOODSP |
| 005 | 20200330133318 |
| 007 | ta |
| 008 | 150407|1997||||xxc||||| f|0| 0 eng|d |
| 020 | |a0-662-26283-2 |
| 040 | |aCaOODSP|beng |
| 043 | |an-cn--- |
| 086 | 1 |aFs1-61/3-1997E |
| 110 | 1 |aCanada.|bDepartment of Fisheries and Oceans. |bFisheries Resource Conservation Council. |
| 245 | 10|a1998 conservation requirements for Redfish Units 1,2,3 and Division 3 0 |
| 260 | |aOttawa - Ontario : |bFisheries and Oceans Canada. |c1997. |
| 300 | |a23p. : |bfigs., graphs, tables ; |c28 cm. |
| 563 | |aSoftcover |
| 590 | |a98-03|b1998-01-16 |
| 776 | 0#|t1998 Conservation requirements for redfish units 1, 2, 3 and 3 O : |w(CaOODSP)9.696884 |
| 986 | |aFRCC 97.R.7 |